| 000 | 00872cam a22002893a 4500 | ||
|---|---|---|---|
| 001 | 2765 | ||
| 003 | PGUSA | ||
| 005 | 20140828083021.0 | ||
| 008 | 010801s2001||||xxu|||||s|||||000 | eng d | ||
| 040 |
_aPGUSA _beng |
||
| 042 | _adc | ||
| 050 | 4 | _aPT | |
| 100 | 1 |
_aIbsen, Henrik, _d1828-1906 |
|
| 245 | 1 | 4 |
_aThe Lady from the Sea _h[electronic resource] / _cHenrik Ibsen |
| 260 |
_bProject Gutenberg, _c2001 |
||
| 500 | _aTranslation of Fruen fra havet | ||
| 506 | _aPublic domain in the USA. | ||
| 516 | _aElectronic text | ||
| 653 | _aFamily secrets -- Drama | ||
| 653 | _aNorwegian drama -- Translations into English | ||
| 653 | _aMarried people -- Drama | ||
| 653 | _aMan-woman relationships -- Drama | ||
| 700 | 1 |
_aAveling, Eleanor Marx, _d1855-1898 |
|
| 830 | 0 |
_aProject Gutenberg _v2765 |
|
| 856 | 4 | 0 | _uhttp://www.gutenberg.org/ebooks/2765 |
| 942 | _cEB | ||
| 999 |
_c232097 _d232097 |
||